000 00502nam a22001457u 4500
008 130405s1969 xxu||||| |||| 00| 0 spa d
041 _aspa
100 1 _aThun, Teofilo
_929306
245 0 0 _aLa religión del niño
_b:Un estudio basado en coloquios mantenidos en clase con niños católicos y protestantes de la escuela elemental...
_cTeofilo Thun
260 _aMadrid:
_bStudium,
_c1969
300 _a253 p.
_c;21 cm.
650 0 4 _aPastoral
_xAdolescentes, jóvenes
_914613
942 _cBK
001 17452
999 _c255011
_d255011